000 00295nam a22001337a 4500
008 170411b xxu||||| |||| 00| 0 eng d
020 _a9780683074895
041 _aeng
080 _27 ED
_a618
100 _a10
101 _aSHM
245 _aMEDICAL EMRYOLOGY
_cSADLER.T.W
942 _2udc
_cBK
999 _c10376
_d10376